| 000 -LEADER |
| fixed length control field |
00416nam a22001817a 4500 |
| 003 - CONTROL NUMBER IDENTIFIER |
| control field |
OSt |
| 005 - DATE AND TIME OF LATEST TRANSACTION |
| control field |
20190809151930.0 |
| 008 - FIXED-LENGTH DATA ELEMENTS--GENERAL INFORMATION |
| fixed length control field |
190809b ||||| |||| 00| 0 eng d |
| 020 ## - INTERNATIONAL STANDARD BOOK NUMBER |
| International Standard Book Number |
9789386231710 |
| 040 ## - CATALOGING SOURCE |
| Transcribing agency |
clc |
| 082 ## - DEWEY DECIMAL CLASSIFICATION NUMBER |
| Classification number |
658 |
| Item number |
SIN/I |
| 100 ## - MAIN ENTRY--PERSONAL NAME |
| Personal name |
Sinha, R.K. |
| 245 ## - TITLE STATEMENT |
| Title |
Belaag- Lapet, In Hindi |
| 250 ## - EDITION STATEMENT |
| Edition statement |
1st Edition |
| 260 ## - PUBLICATION, DISTRIBUTION, ETC. |
| Place of publication, distribution, etc. |
New Delhi |
| Name of publisher, distributor, etc. |
Prabhat Prakashan |
| Date of publication, distribution, etc. |
2016 |
| 300 ## - PHYSICAL DESCRIPTION |
| Extent |
310p. |
| 942 ## - ADDED ENTRY ELEMENTS (KOHA) |
| Koha item type |
Book |
| 952 ## - LOCATION AND ITEM INFORMATION (KOHA) |
| Lost status |
|